| 000 | 00621nam a22001937a 4500 | ||
|---|---|---|---|
| 008 | 160919b xxu||||| |||| 00| 0 eng d | ||
| 020 | _a0393730956 | ||
| 050 |
_aNA 1996 _b.L56 2003 |
||
| 100 | _aLinton,Harold | ||
| 245 |
_aPortfolio design/ _cHarold Linton |
||
| 250 | _a3rd ed. | ||
| 260 |
_aNew York: _bW.W.Norton and company; _c2003. |
||
| 300 |
_a200p. : _bill. ; _c20cm. |
||
| 504 | _aincludes references and index | ||
| 650 |
_aArchitecture portfolios _xDesign |
||
| 650 | _aArchitectural services marketing | ||
| 650 |
_aDesign services _xMarketing |
||
| 942 |
_2lcc _cBOOKS _hNA 1996 .L56 2003 |
||
| 999 |
_c13811 _d13811 |
||